| 000 | 00724nam a2200253Ia 4500 | ||
|---|---|---|---|
| 003 | OSt | ||
| 005 | 20220925175737.0 | ||
| 006 | a|||||r|||| 00| 0 | ||
| 007 | ta | ||
| 008 | 220923b |||||||| |||| 00| 0 eng d | ||
| 037 | _cGeneral Book | ||
| 040 |
_aRTL _cRTL _beng |
||
| 041 |
_2eng _aeng |
||
| 082 | _aU45, M0 | ||
| 100 |
_aHornby William F _9249627 |
||
| 245 | 0 | _aIntroduction to population geography | |
| 260 |
_aCambridge _bCambridge University Press _c1980 |
||
| 300 |
_a168p. _ccm. |
||
| 490 | _aStudies in human geography,1 | ||
| 650 | _aRural Geography | ||
| 700 |
_a Jones Melvyn _9249628 |
||
| 942 |
_hU45, M0 _cGB _2CC |
||
| 999 |
_c494457 _d494457 |
||